| Tag |
First Indicator |
Second Indicator |
Subfields |
| LEADER |
00000cam a2200000 4500 |
| 001 |
in00000350238 |
| 005 |
20151011061054.0 |
| 008 |
700310s1970 nyu 00100 eng |
| 010 |
|
|
|a 74096454
|
| 035 |
|
|
|a (OCoLC)00058832
|
| 035 |
|
|
|9 ABM7274AM
|
| 040 |
|
|
|a DLC
|c DLC
|d TXA
|d UtOrBLW
|
| 049 |
|
|
|a TXAM
|c [1395674]
|
| 050 |
0 |
0 |
|a PN6014
|b .A45
|
| 082 |
0 |
|
|a 808.8
|
| 100 |
1 |
|
|a Altenbernd, Lynn.
|
| 245 |
1 |
0 |
|a Exploring literature ;
|b fiction, poetry, drama, criticism.
|
| 264 |
|
1 |
|a [New York] :
|b Macmillan,
|c [1970]
|
| 300 |
|
|
|a xviii, 702 pages ;
|c 24 cm.
|
| 336 |
|
|
|a text
|b txt
|2 rdacontent
|
| 337 |
|
|
|a unmediated
|b n
|2 rdamedia
|
| 338 |
|
|
|a volume
|b nc
|2 rdacarrier
|
| 650 |
|
0 |
|a Literature
|v Collections.
|
| 999 |
|
|
|a MARS
|
| 999 |
f |
f |
|s 4922f623-6dbd-3b2a-a541-7ebeca699f3b
|i 0ea7f44b-cbf5-3a8e-bac5-b5c5774fdaac
|t 0
|
| 952 |
f |
f |
|p ric
|a Texas A&M University
|b Rellis Campus
|c Joint Library Facility
|d Remote Storage
|t 0
|e PN6014 .A45
|h Library of Congress classification
|i unmediated -- volume
|m A14803733219
|
| 998 |
f |
f |
|a PN6014 .A45
|t 0
|l Remote Storage
|